<?xml version="1.0" encoding="UTF-8"?>
<collection xmlns="http://www.loc.gov/MARC21/slim">
<record>
  <controlfield tag="001">157628</controlfield>
  <controlfield tag="005">20250904102907.0</controlfield>
  <datafield tag="037" ind1=" " ind2=" ">
    <subfield code="a">GDOC-2024-27360</subfield>
  </datafield>
  <datafield tag="970" ind1=" " ind2=" ">
    <subfield code="a">GDOC-2024-27360</subfield>
  </datafield>
  <datafield tag="041" ind1=" " ind2=" ">
    <subfield code="a">spa</subfield>
  </datafield>
  <datafield tag="041" ind1=" " ind2=" ">
    <subfield code="a">eng</subfield>
  </datafield>
  <datafield tag="540" ind1=" " ind2=" ">
    <subfield code="a">by-nc-sa</subfield>
    <subfield code="b">Creative Commons</subfield>
    <subfield code="c">3.0</subfield>
    <subfield code="u">http://creativecommons.org/licenses/by-nc-sa/3.0/</subfield>
  </datafield>
  <datafield tag="260" ind1=" " ind2=" ">
    <subfield code="a">Zaragoza</subfield>
    <subfield code="b">Universidad de Zaragoza</subfield>
    <subfield code="c">2024-2025</subfield>
  </datafield>
  <datafield tag="245" ind1="0" ind2="0">
    <subfield code="9">27360</subfield>
    <subfield code="a">Prácticas en empresa</subfield>
  </datafield>
  <datafield tag="242" ind1="0" ind2="0">
    <subfield code="9">27360</subfield>
    <subfield code="a">Internships</subfield>
  </datafield>
  <datafield tag="100" ind1=" " ind2=" ">
    <subfield code="0">(orcid)0000-0002-0385-2263</subfield>
    <subfield code="a">José Basilio Acerete, Gil</subfield>
    <subfield code="1">183732</subfield>
  </datafield>
  <datafield tag="700" ind1=" " ind2=" ">
    <subfield code="0">(orcid)0000-0001-8881-9384</subfield>
    <subfield code="a">María Carmen Aguilar, Martín</subfield>
    <subfield code="1">192607</subfield>
  </datafield>
  <datafield tag="700" ind1=" " ind2=" ">
    <subfield code="0">(orcid)0000-0003-4767-913X</subfield>
    <subfield code="a">Nuria Alcalde, Fradejas</subfield>
    <subfield code="1">321150</subfield>
  </datafield>
  <datafield tag="700" ind1=" " ind2=" ">
    <subfield code="a">Eduardo Almenara, Díaz</subfield>
    <subfield code="1">318153</subfield>
  </datafield>
  <datafield tag="700" ind1=" " ind2=" ">
    <subfield code="0">(orcid)0000-0002-9612-677X</subfield>
    <subfield code="a">María de la Paloma Apellániz, Gómez</subfield>
    <subfield code="1">367128</subfield>
  </datafield>
  <datafield tag="700" ind1=" " ind2=" ">
    <subfield code="0">(orcid)0000-0001-6673-4945</subfield>
    <subfield code="a">José Alfonso Aranda, Usón</subfield>
    <subfield code="1">308729</subfield>
  </datafield>
  <datafield tag="700" ind1=" " ind2=" ">
    <subfield code="0">(orcid)0000-0001-5983-6804</subfield>
    <subfield code="a">Majed Atwi, Saab</subfield>
    <subfield code="1">455355</subfield>
  </datafield>
  <datafield tag="700" ind1=" " ind2=" ">
    <subfield code="0">(orcid)0000-0001-6661-1128</subfield>
    <subfield code="a">Patricia Bachiller, Baroja</subfield>
    <subfield code="1">472835</subfield>
  </datafield>
  <datafield tag="700" ind1=" " ind2=" ">
    <subfield code="0">(orcid)0000-0003-2795-3728</subfield>
    <subfield code="a">Guillermo Badia, Fraile</subfield>
    <subfield code="1">621491</subfield>
  </datafield>
  <datafield tag="700" ind1=" " ind2=" ">
    <subfield code="0">(orcid)0000-0002-8996-1750</subfield>
    <subfield code="a">Eduardo Martín Bandrés, Moliné</subfield>
    <subfield code="1">386246</subfield>
  </datafield>
  <datafield tag="700" ind1=" " ind2=" ">
    <subfield code="0">(orcid)0000-0002-9929-2765</subfield>
    <subfield code="a">Ramón Barberán, Ortí</subfield>
    <subfield code="1">365677</subfield>
  </datafield>
  <datafield tag="700" ind1=" " ind2=" ">
    <subfield code="0">(orcid)0000-0002-9023-9386</subfield>
    <subfield code="a">Miguel Ángel Barberán, Lahuerta</subfield>
    <subfield code="1">143825</subfield>
  </datafield>
  <datafield tag="700" ind1=" " ind2=" ">
    <subfield code="0">(orcid)0000-0001-7110-3304</subfield>
    <subfield code="a">Aurelio Barrio, Gallardo</subfield>
    <subfield code="1">475287</subfield>
  </datafield>
  <datafield tag="700" ind1=" " ind2=" ">
    <subfield code="0">(orcid)0000-0002-2291-1409</subfield>
    <subfield code="a">Daniel Belanche, Gracia</subfield>
    <subfield code="1">523652</subfield>
  </datafield>
  <datafield tag="700" ind1=" " ind2=" ">
    <subfield code="0">(orcid)0000-0002-1065-1304</subfield>
    <subfield code="a">Héctor Bellido, Bellón</subfield>
    <subfield code="1">535838</subfield>
  </datafield>
  <datafield tag="700" ind1=" " ind2=" ">
    <subfield code="0">(orcid)0000-0002-1262-8220</subfield>
    <subfield code="a">María Pilar Berdún, Chéliz</subfield>
    <subfield code="1">128367</subfield>
  </datafield>
  <datafield tag="700" ind1=" " ind2=" ">
    <subfield code="0">(orcid)0000-0002-8922-4013</subfield>
    <subfield code="a">Cristina Bernad, Morcate</subfield>
    <subfield code="1">324323</subfield>
  </datafield>
  <datafield tag="700" ind1=" " ind2=" ">
    <subfield code="0">(orcid)0000-0003-1449-2248</subfield>
    <subfield code="a">María Pilar Bernal, Ansón</subfield>
    <subfield code="1">550206</subfield>
  </datafield>
  <datafield tag="700" ind1=" " ind2=" ">
    <subfield code="0">(orcid)0000-0001-6754-2777</subfield>
    <subfield code="a">María Estrella Bernal, Cuenca</subfield>
    <subfield code="1">320977</subfield>
  </datafield>
  <datafield tag="700" ind1=" " ind2=" ">
    <subfield code="0">(orcid)0000-0001-5629-7526</subfield>
    <subfield code="a">María Natividad Blasco, de las Heras</subfield>
    <subfield code="1">384471</subfield>
  </datafield>
  <datafield tag="700" ind1=" " ind2=" ">
    <subfield code="0">(orcid)0000-0003-4123-1799</subfield>
    <subfield code="a">María Pilar Blasco, Burriel</subfield>
    <subfield code="1">144187</subfield>
  </datafield>
  <datafield tag="700" ind1=" " ind2=" ">
    <subfield code="0">(orcid)0000-0001-9525-9530</subfield>
    <subfield code="a">Beatrice Carole Boumda, Ijang</subfield>
    <subfield code="1">711637</subfield>
  </datafield>
  <datafield tag="700" ind1=" " ind2=" ">
    <subfield code="0">(orcid)0000-0003-1298-7183</subfield>
    <subfield code="a">Susana Callao, Gastón</subfield>
    <subfield code="1">144570</subfield>
  </datafield>
  <datafield tag="700" ind1=" " ind2=" ">
    <subfield code="0">(orcid)0000-0001-9122-2239</subfield>
    <subfield code="a">Joaquín Cañon, de Francia</subfield>
    <subfield code="1">180073</subfield>
  </datafield>
  <datafield tag="700" ind1=" " ind2=" ">
    <subfield code="0">(orcid)0000-0002-8946-819X</subfield>
    <subfield code="a">José Antonio Casaucau, Morlans</subfield>
    <subfield code="1">122983</subfield>
  </datafield>
  <datafield tag="700" ind1=" " ind2=" ">
    <subfield code="0">(orcid)0000-0002-5064-3763</subfield>
    <subfield code="a">Sara Castel, Feced</subfield>
    <subfield code="1">651558</subfield>
  </datafield>
  <datafield tag="700" ind1=" " ind2=" ">
    <subfield code="a">Andrea Castillo, Olano</subfield>
    <subfield code="1">557747</subfield>
  </datafield>
  <datafield tag="700" ind1=" " ind2=" ">
    <subfield code="0">(orcid)0000-0001-8018-7714</subfield>
    <subfield code="a">Alicia Costa, Toda</subfield>
    <subfield code="1">128533</subfield>
  </datafield>
  <datafield tag="700" ind1=" " ind2=" ">
    <subfield code="0">(orcid)0000-0002-7424-6252</subfield>
    <subfield code="a">Natalia María Dejo, Oricain</subfield>
    <subfield code="1">515554</subfield>
  </datafield>
  <datafield tag="700" ind1=" " ind2=" ">
    <subfield code="0">(orcid)0000-0001-5891-4671</subfield>
    <subfield code="a">Pablo Delgado, Perea</subfield>
    <subfield code="1">823396</subfield>
  </datafield>
  <datafield tag="700" ind1=" " ind2=" ">
    <subfield code="0">(orcid)0000-0002-0712-2364</subfield>
    <subfield code="a">Beatriz Domínguez, Bronchal</subfield>
    <subfield code="1">551709</subfield>
  </datafield>
  <datafield tag="700" ind1=" " ind2=" ">
    <subfield code="0">(orcid)0000-0003-3113-1698</subfield>
    <subfield code="a">María Rosa Duarte, Pac</subfield>
    <subfield code="1">311466</subfield>
  </datafield>
  <datafield tag="700" ind1=" " ind2=" ">
    <subfield code="0">(orcid)0000-0003-2131-7851</subfield>
    <subfield code="a">Regina María Escario, Latas</subfield>
    <subfield code="1">402634</subfield>
  </datafield>
  <datafield tag="700" ind1=" " ind2=" ">
    <subfield code="0">(orcid)0000-0002-2940-6587</subfield>
    <subfield code="a">José Julián Escario, Gracia</subfield>
    <subfield code="1">128735</subfield>
  </datafield>
  <datafield tag="700" ind1=" " ind2=" ">
    <subfield code="0">(orcid)0000-0003-4419-1905</subfield>
    <subfield code="a">María Teresa Escobar, Urmeneta</subfield>
    <subfield code="1">136741</subfield>
  </datafield>
  <datafield tag="700" ind1=" " ind2=" ">
    <subfield code="0">(orcid)0000-0002-4485-3158</subfield>
    <subfield code="a">Encarna Raquel Esteban, Gracia</subfield>
    <subfield code="1">489972</subfield>
  </datafield>
  <datafield tag="700" ind1=" " ind2=" ">
    <subfield code="0">(orcid)0000-0001-6511-1893</subfield>
    <subfield code="a">María Luisa Esteban, Salvador</subfield>
    <subfield code="1">131136</subfield>
  </datafield>
  <datafield tag="700" ind1=" " ind2=" ">
    <subfield code="0">(orcid)0000-0002-5623-2391</subfield>
    <subfield code="a">Marta Fernández, Olmos</subfield>
    <subfield code="1">452228</subfield>
  </datafield>
  <datafield tag="700" ind1=" " ind2=" ">
    <subfield code="0">(orcid)0000-0002-6744-1092</subfield>
    <subfield code="a">Cristina Ferrer, García</subfield>
    <subfield code="1">496975</subfield>
  </datafield>
  <datafield tag="700" ind1=" " ind2=" ">
    <subfield code="0">(orcid)0000-0002-9076-3743</subfield>
    <subfield code="a">Carmen Fillat, Castejón</subfield>
    <subfield code="1">128295</subfield>
  </datafield>
  <datafield tag="700" ind1=" " ind2=" ">
    <subfield code="0">(orcid)0000-0003-3582-116X</subfield>
    <subfield code="a">Jorge Fleta, Asín</subfield>
    <subfield code="1">444578</subfield>
  </datafield>
  <datafield tag="700" ind1=" " ind2=" ">
    <subfield code="0">(orcid)0000-0003-2503-2829</subfield>
    <subfield code="a">Inmaculada García, Mainar</subfield>
    <subfield code="1">145840</subfield>
  </datafield>
  <datafield tag="700" ind1=" " ind2=" ">
    <subfield code="0">(orcid)0000-0002-5142-0270</subfield>
    <subfield code="a">María Nieves García, Casarejos</subfield>
    <subfield code="1">133048</subfield>
  </datafield>
  <datafield tag="700" ind1=" " ind2=" ">
    <subfield code="0">(orcid)0000-0002-1761-4119</subfield>
    <subfield code="a">Jaime García, Rayado</subfield>
    <subfield code="1">612331</subfield>
  </datafield>
  <datafield tag="700" ind1=" " ind2=" ">
    <subfield code="0">(orcid)0000-0002-0772-0321</subfield>
    <subfield code="a">Lucía Isabel García, Cebrián</subfield>
    <subfield code="1">139589</subfield>
  </datafield>
  <datafield tag="700" ind1=" " ind2=" ">
    <subfield code="0">(orcid)0000-0001-8054-8997</subfield>
    <subfield code="a">Ana Felicitas Gargallo, Castel</subfield>
    <subfield code="1">424494</subfield>
  </datafield>
  <datafield tag="700" ind1=" " ind2=" ">
    <subfield code="0">(orcid)0000-0003-1205-1756</subfield>
    <subfield code="a">Pilar Gargallo, Valero</subfield>
    <subfield code="1">136573</subfield>
  </datafield>
  <datafield tag="700" ind1=" " ind2=" ">
    <subfield code="0">(orcid)0000-0002-5071-0858</subfield>
    <subfield code="a">Elisabet Garrido, Martínez</subfield>
    <subfield code="1">501629</subfield>
  </datafield>
  <datafield tag="700" ind1=" " ind2=" ">
    <subfield code="0">(orcid)0000-0002-1615-9505</subfield>
    <subfield code="a">María del Mar Gasca, Galán</subfield>
    <subfield code="1">137058</subfield>
  </datafield>
  <datafield tag="700" ind1=" " ind2=" ">
    <subfield code="0">(orcid)0000-0002-1610-5451</subfield>
    <subfield code="a">José Ignacio Giménez, Nadal</subfield>
    <subfield code="1">485592</subfield>
  </datafield>
  <datafield tag="700" ind1=" " ind2=" ">
    <subfield code="0">(orcid)0000-0003-3702-4017</subfield>
    <subfield code="a">Gregorio Gaudioso Giménez, Esteban</subfield>
    <subfield code="1">309879</subfield>
  </datafield>
  <datafield tag="700" ind1=" " ind2=" ">
    <subfield code="0">(orcid)0000-0003-4675-6762</subfield>
    <subfield code="a">Ruth Gimeno, Losilla</subfield>
    <subfield code="1">629713</subfield>
  </datafield>
  <datafield tag="700" ind1=" " ind2=" ">
    <subfield code="0">(orcid)0000-0001-5613-0208</subfield>
    <subfield code="a">María Gracia Gómez, Urdañez</subfield>
    <subfield code="1">302009</subfield>
  </datafield>
  <datafield tag="700" ind1=" " ind2=" ">
    <subfield code="0">(orcid)0000-0003-3898-8889</subfield>
    <subfield code="a">Jose María Gómez, Sancho</subfield>
    <subfield code="1">330862</subfield>
  </datafield>
  <datafield tag="700" ind1=" " ind2=" ">
    <subfield code="0">(orcid)0000-0001-5801-9386</subfield>
    <subfield code="a">Maria Consuelo González, Gil</subfield>
    <subfield code="1">390358</subfield>
  </datafield>
  <datafield tag="700" ind1=" " ind2=" ">
    <subfield code="0">(orcid)0000-0002-2143-2764</subfield>
    <subfield code="a">Minerva González, Velasco</subfield>
    <subfield code="1">732352</subfield>
  </datafield>
  <datafield tag="700" ind1=" " ind2=" ">
    <subfield code="0">(orcid)0000-0002-0661-0278</subfield>
    <subfield code="a">Ana Belén Gracia, Andía</subfield>
    <subfield code="1">328085</subfield>
  </datafield>
  <datafield tag="700" ind1=" " ind2=" ">
    <subfield code="0">(orcid)0000-0002-7477-5103</subfield>
    <subfield code="a">Jorge Infante, Díaz</subfield>
    <subfield code="1">360758</subfield>
  </datafield>
  <datafield tag="700" ind1=" " ind2=" ">
    <subfield code="0">(orcid)0000-0001-8904-6168</subfield>
    <subfield code="a">José Ignacio Iriarte, Goñi</subfield>
    <subfield code="1">383370</subfield>
  </datafield>
  <datafield tag="700" ind1=" " ind2=" ">
    <subfield code="0">(orcid)0000-0002-6251-3974</subfield>
    <subfield code="a">Daniel Isidoro, Ramírez</subfield>
    <subfield code="1">572619</subfield>
  </datafield>
  <datafield tag="700" ind1=" " ind2=" ">
    <subfield code="0">(orcid)0000-0001-6267-990X</subfield>
    <subfield code="a">María Gloria Jarne, Jarne</subfield>
    <subfield code="1">129552</subfield>
  </datafield>
  <datafield tag="700" ind1=" " ind2=" ">
    <subfield code="0">(orcid)0000-0001-8215-3227</subfield>
    <subfield code="a">Sofía Jiménez, Calvo</subfield>
    <subfield code="1">588948</subfield>
  </datafield>
  <datafield tag="700" ind1=" " ind2=" ">
    <subfield code="0">(orcid)0000-0003-2448-5228</subfield>
    <subfield code="a">Luis Javier Lample, Gracia</subfield>
    <subfield code="1">433308</subfield>
  </datafield>
  <datafield tag="700" ind1=" " ind2=" ">
    <subfield code="0">(orcid)0000-0003-0754-4046</subfield>
    <subfield code="a">Raquel Langarita, Tejero</subfield>
    <subfield code="1">590335</subfield>
  </datafield>
  <datafield tag="700" ind1=" " ind2=" ">
    <subfield code="0">(orcid)0009-0000-1853-2687</subfield>
    <subfield code="a">Natalia Lavado, Nalvaiz</subfield>
    <subfield code="1">651789</subfield>
  </datafield>
  <datafield tag="700" ind1=" " ind2=" ">
    <subfield code="0">(orcid)0000-0001-5513-1567</subfield>
    <subfield code="a">María Angelina Lázaro, Alquézar</subfield>
    <subfield code="1">141618</subfield>
  </datafield>
  <datafield tag="700" ind1=" " ind2=" ">
    <subfield code="0">(orcid)0000-0002-5846-2019</subfield>
    <subfield code="a">María Blanca Leach, Ros</subfield>
    <subfield code="1">111740</subfield>
  </datafield>
  <datafield tag="700" ind1=" " ind2=" ">
    <subfield code="0">(orcid)0000-0001-7355-773X</subfield>
    <subfield code="a">Raúl León, Soriano</subfield>
    <subfield code="1">470497</subfield>
  </datafield>
  <datafield tag="700" ind1=" " ind2=" ">
    <subfield code="0">(orcid)0000-0001-9140-6070</subfield>
    <subfield code="a">Pablo Lozano, Chavarría</subfield>
    <subfield code="1">141706</subfield>
  </datafield>
  <datafield tag="700" ind1=" " ind2=" ">
    <subfield code="0">(orcid)0000-0003-1647-3462</subfield>
    <subfield code="a">Lina Patricia Maldonado, Guaje</subfield>
    <subfield code="1">586434</subfield>
  </datafield>
  <datafield tag="700" ind1=" " ind2=" ">
    <subfield code="0">(orcid)0000-0002-9111-0461</subfield>
    <subfield code="a">María Jesús Mancebón, Torrubia</subfield>
    <subfield code="1">135758</subfield>
  </datafield>
  <datafield tag="700" ind1=" " ind2=" ">
    <subfield code="0">(orcid)0000-0002-1944-4790</subfield>
    <subfield code="a">Miriam Marcén, Pérez</subfield>
    <subfield code="1">474121</subfield>
  </datafield>
  <datafield tag="700" ind1=" " ind2=" ">
    <subfield code="0">(orcid)0000-0001-6687-9132</subfield>
    <subfield code="a">Isabel Marco, Sanjuán</subfield>
    <subfield code="1">136602</subfield>
  </datafield>
  <datafield tag="700" ind1=" " ind2=" ">
    <subfield code="0">(orcid)0000-0002-8150-9823</subfield>
    <subfield code="a">Francisco José Marco, Gracia</subfield>
    <subfield code="1">551247</subfield>
  </datafield>
  <datafield tag="700" ind1=" " ind2=" ">
    <subfield code="0">(orcid)0000-0003-1745-8037</subfield>
    <subfield code="a">María del Carmen Marcuello, Servós</subfield>
    <subfield code="1">129598</subfield>
  </datafield>
  <datafield tag="700" ind1=" " ind2=" ">
    <subfield code="0">(orcid)0000-0003-3552-1810</subfield>
    <subfield code="a">Yolanda Martínez, Martínez</subfield>
    <subfield code="1">319035</subfield>
  </datafield>
  <datafield tag="700" ind1=" " ind2=" ">
    <subfield code="0">(orcid)0000-0002-0627-0795</subfield>
    <subfield code="a">Pedro José Martínez, Jurado</subfield>
    <subfield code="1">694467</subfield>
  </datafield>
  <datafield tag="700" ind1=" " ind2=" ">
    <subfield code="0">(orcid)0000-0002-4038-3486</subfield>
    <subfield code="a">Loreto Carmen Mate, Satué</subfield>
    <subfield code="1">608183</subfield>
  </datafield>
  <datafield tag="700" ind1=" " ind2=" ">
    <subfield code="0">(orcid)0000-0003-1394-9816</subfield>
    <subfield code="a">Jesús Ángel Miguel, Álvarez</subfield>
    <subfield code="1">122856</subfield>
  </datafield>
  <datafield tag="700" ind1=" " ind2=" ">
    <subfield code="0">(orcid)0000-0003-1619-8042</subfield>
    <subfield code="a">José Mariano Moneva, Abadía</subfield>
    <subfield code="1">122118</subfield>
  </datafield>
  <datafield tag="700" ind1=" " ind2=" ">
    <subfield code="0">(orcid)0000-0002-5037-6976</subfield>
    <subfield code="a">José María Moreno, Jiménez</subfield>
    <subfield code="1">108149</subfield>
  </datafield>
  <datafield tag="700" ind1=" " ind2=" ">
    <subfield code="0">(orcid)0000-0002-2405-4375</subfield>
    <subfield code="a">María Victoria Muerza, Marín</subfield>
    <subfield code="1">462804</subfield>
  </datafield>
  <datafield tag="700" ind1=" " ind2=" ">
    <subfield code="0">(orcid)0000-0001-6148-0667</subfield>
    <subfield code="a">Jorge Navarro, López</subfield>
    <subfield code="1">497272</subfield>
  </datafield>
  <datafield tag="700" ind1=" " ind2=" ">
    <subfield code="0">(orcid)0000-0003-3849-0722</subfield>
    <subfield code="a">Javier Nievas, López</subfield>
    <subfield code="1">115133</subfield>
  </datafield>
  <datafield tag="700" ind1=" " ind2=" ">
    <subfield code="0">(orcid)0000-0001-9729-7688</subfield>
    <subfield code="a">David Pac, Salas</subfield>
    <subfield code="1">128938</subfield>
  </datafield>
  <datafield tag="700" ind1=" " ind2=" ">
    <subfield code="a">Adrian Palacios, Mateo</subfield>
    <subfield code="1">595899</subfield>
  </datafield>
  <datafield tag="700" ind1=" " ind2=" ">
    <subfield code="0">(orcid)0000-0002-8816-5816</subfield>
    <subfield code="a">Guillermo Peña, Blasco</subfield>
    <subfield code="1">611366</subfield>
  </datafield>
  <datafield tag="700" ind1=" " ind2=" ">
    <subfield code="0">(orcid)0000-0001-9884-708X</subfield>
    <subfield code="a">Anunciación Pérez, Pueyo</subfield>
    <subfield code="1">134382</subfield>
  </datafield>
  <datafield tag="700" ind1=" " ind2=" ">
    <subfield code="0">(orcid)0000-0003-1659-7617</subfield>
    <subfield code="a">Francisco Javier Pérez, Sanz</subfield>
    <subfield code="1">384352</subfield>
  </datafield>
  <datafield tag="700" ind1=" " ind2=" ">
    <subfield code="0">(orcid)0000-0001-7281-9523</subfield>
    <subfield code="a">Juan Perote, Peña</subfield>
    <subfield code="1">138220</subfield>
  </datafield>
  <datafield tag="700" ind1=" " ind2=" ">
    <subfield code="0">(orcid)0000-0001-5979-4528</subfield>
    <subfield code="a">Sergio Ventura Pirla, López</subfield>
    <subfield code="1">947140</subfield>
  </datafield>
  <datafield tag="700" ind1=" " ind2=" ">
    <subfield code="0">(orcid)0000-0002-6733-2814</subfield>
    <subfield code="a">Eduardo Francisco Pozo, Remiro</subfield>
    <subfield code="1">116090</subfield>
  </datafield>
  <datafield tag="700" ind1=" " ind2=" ">
    <subfield code="a">Hermes Ulises Prieto, Mora</subfield>
    <subfield code="1">921133</subfield>
  </datafield>
  <datafield tag="700" ind1=" " ind2=" ">
    <subfield code="0">(orcid)0000-0001-9728-668X</subfield>
    <subfield code="a">Miguel Ángel Puente, Ajovín</subfield>
    <subfield code="1">562799</subfield>
  </datafield>
  <datafield tag="700" ind1=" " ind2=" ">
    <subfield code="0">(orcid)0000-0002-9410-3531</subfield>
    <subfield code="a">Fernando Pueyo, Baldellou</subfield>
    <subfield code="1">152092</subfield>
  </datafield>
  <datafield tag="700" ind1=" " ind2=" ">
    <subfield code="0">(orcid)0000-0002-9758-0149</subfield>
    <subfield code="a">María Luisa Ramírez, Alesón</subfield>
    <subfield code="1">123281</subfield>
  </datafield>
  <datafield tag="700" ind1=" " ind2=" ">
    <subfield code="0">(orcid)0000-0001-5790-2011</subfield>
    <subfield code="a">Lara Ripoll, Campo</subfield>
    <subfield code="1">525555</subfield>
  </datafield>
  <datafield tag="700" ind1=" " ind2=" ">
    <subfield code="0">(orcid)0000-0001-5162-1446</subfield>
    <subfield code="a">Sonia Royo, Montañés</subfield>
    <subfield code="1">475243</subfield>
  </datafield>
  <datafield tag="700" ind1=" " ind2=" ">
    <subfield code="0">(orcid)0000-0002-5988-8433</subfield>
    <subfield code="a">Aitor Salesa, Rubira</subfield>
    <subfield code="1">598031</subfield>
  </datafield>
  <datafield tag="700" ind1=" " ind2=" ">
    <subfield code="0">(orcid)0000-0002-5788-6661</subfield>
    <subfield code="a">Manuel Juan Salvador, Figueras</subfield>
    <subfield code="1">387425</subfield>
  </datafield>
  <datafield tag="700" ind1=" " ind2=" ">
    <subfield code="0">(orcid)0000-0003-2807-3482</subfield>
    <subfield code="a">María Isabel Saz, Gil</subfield>
    <subfield code="1">379319</subfield>
  </datafield>
  <datafield tag="700" ind1=" " ind2=" ">
    <subfield code="0">(orcid)0000-0002-8655-9934</subfield>
    <subfield code="a">Miguel Serrano, Cored</subfield>
    <subfield code="1">553174</subfield>
  </datafield>
  <datafield tag="700" ind1=" " ind2=" ">
    <subfield code="0">(orcid)0000-0002-2188-2271</subfield>
    <subfield code="a">María Ángeles Soriano, Paola</subfield>
    <subfield code="1">384350</subfield>
  </datafield>
  <datafield tag="700" ind1=" " ind2=" ">
    <subfield code="0">(orcid)0000-0001-5003-4039</subfield>
    <subfield code="a">Inés Suárez, Perales</subfield>
    <subfield code="1">591390</subfield>
  </datafield>
  <datafield tag="700" ind1=" " ind2=" ">
    <subfield code="0">(orcid)0000-0003-4623-1448</subfield>
    <subfield code="a">Lourdes Torres, Pradas</subfield>
    <subfield code="1">126027</subfield>
  </datafield>
  <datafield tag="700" ind1=" " ind2=" ">
    <subfield code="0">(orcid)0000-0002-2542-4956</subfield>
    <subfield code="a">Jaime Vallés, Giménez</subfield>
    <subfield code="1">330486</subfield>
  </datafield>
  <datafield tag="700" ind1=" " ind2=" ">
    <subfield code="0">(orcid)0000-0002-8638-2665</subfield>
    <subfield code="a">Maria Sagrario Vargas, Magallón</subfield>
    <subfield code="1">458106</subfield>
  </datafield>
  <datafield tag="700" ind1=" " ind2=" ">
    <subfield code="0">(orcid)0000-0003-4560-7247</subfield>
    <subfield code="a">María José Vela, Jiménez</subfield>
    <subfield code="1">135341</subfield>
  </datafield>
  <datafield tag="700" ind1=" " ind2=" ">
    <subfield code="0">(orcid)0000-0002-9958-9972</subfield>
    <subfield code="a">Silvia Maria Vicente, Oliva</subfield>
    <subfield code="1">407004</subfield>
  </datafield>
  <datafield tag="700" ind1=" " ind2=" ">
    <subfield code="0">(orcid)0000-0002-1667-6107</subfield>
    <subfield code="a">Rut Vicente, Reñé</subfield>
    <subfield code="1">539690</subfield>
  </datafield>
  <datafield tag="700" ind1=" " ind2=" ">
    <subfield code="0">(orcid)0000-0003-4778-5960</subfield>
    <subfield code="a">Luis Alfonso Vicente, Gimeno</subfield>
    <subfield code="1">310072</subfield>
  </datafield>
  <datafield tag="700" ind1=" " ind2=" ">
    <subfield code="0">(orcid)0000-0002-8197-7088</subfield>
    <subfield code="a">Ana Yetano, Sánchez de Muniaín</subfield>
    <subfield code="1">434789</subfield>
  </datafield>
  <datafield tag="700" ind1=" " ind2=" ">
    <subfield code="0">(orcid)0000-0002-5525-4556</subfield>
    <subfield code="a">Ana Isabel Zárate, Marco</subfield>
    <subfield code="1">325949</subfield>
  </datafield>
  <datafield tag="830" ind1=" " ind2=" ">
    <subfield code="9">448</subfield>
  </datafield>
  <datafield tag="830" ind1=" " ind2=" ">
    <subfield code="9">458</subfield>
  </datafield>
  <datafield tag="830" ind1=" " ind2=" ">
    <subfield code="9">454</subfield>
  </datafield>
  <datafield tag="856" ind1="4" ind2=" ">
    <subfield code="s">39713</subfield>
    <subfield code="u">http://zaguan.unizar.es/record/157628/files/guia-27360-es.pdf</subfield>
    <subfield code="y">Guía (idioma español)</subfield>
  </datafield>
  <datafield tag="856" ind1="4" ind2=" ">
    <subfield code="s">7590</subfield>
    <subfield code="u">http://zaguan.unizar.es/record/157628/files/guia-27360-en.pdf</subfield>
    <subfield code="y">Guide (english)</subfield>
  </datafield>
  <datafield tag="521" ind1=" " ind2=" ">
    <subfield code="9">131</subfield>
    <subfield code="a">Grado en Administración y Dirección de Empresas</subfield>
    <subfield code="b">Degree in Business Administration and Management</subfield>
  </datafield>
  <datafield tag="980" ind1=" " ind2=" ">
    <subfield code="a">GDOC</subfield>
    <subfield code="b">Ciencias Sociales y Jurídicas</subfield>
    <subfield code="b">Social Sciences and Law</subfield>
    <subfield code="c">228</subfield>
    <subfield code="c">109</subfield>
    <subfield code="c">301</subfield>
  </datafield>
</record>
</collection>